Personality Development And Soft Skills (Record no. 338246)

MARC details
000 -LEADER
fixed length control field 00462nam a2200169Ia 4500
008 - FIXED-LENGTH DATA ELEMENTS--GENERAL INFORMATION
fixed length control field 230718s9999 xx 000 0 und d
020 ## - INTERNATIONAL STANDARD BOOK NUMBER
International Standard Book Number 9780198066217
041 ## - LANGUAGE CODE
Language code of text/sound track or separate title eng
082 ## - DEWEY DECIMAL CLASSIFICATION NUMBER
Classification number 658.4'78
Item number MIT
100 ## - MAIN ENTRY--PERSONAL NAME
Personal name Mitra B.K.
9 (RLIN) 106382
245 ## - TITLE STATEMENT
Title Personality Development And Soft Skills
260 ## - PUBLICATION, DISTRIBUTION, ETC. (IMPRINT)
Date of publication, distribution, etc. 2013
Name of publisher, distributor, etc. Oxford
300 ## - PHYSICAL DESCRIPTION
Extent 258
365 ## - TRADE PRICE
Currency code Rs.
Price amount 325.00
700 ## - ADDED ENTRY--PERSONAL NAME
Personal name Mitra B.K.
9 (RLIN) 106382
906 ## - LOCAL DATA ELEMENT F, LDF (RLIN)
d O:0418418-Sep-2014B:IN 66925-Jul-2014
c GENRL
b 812.5
Holdings
Withdrawn status Lost status Damaged status Not for loan Home library Current library Date acquired Vendor Budget Code Cost, normal purchase price Bill number Total Checkouts Full call number Barcode Date last seen Date last checked out Discount Cost, replacement price Bill Date Koha item type Original Barcode
        Cummins College of Engineering for Women Pune Cummins College of Engineering for Women Pune 18/09/2014 Pradeep Book Distributors GENRL 243.75 IN 669 2 658.4'78 CCEP-BK-49453 06/02/2024 19/01/2024 812.5 325.00 25/07/2014 Books 049453